Catálogo

MATERIA OSCURA EN EL UNIVERSO (Registro nro. 15699)

Detalles MARC
000 -LEADER
fixed length control field 00461nam a2200181 a 4500
001 - CONTROL NUMBER
control field 15699
005 - DATE AND TIME OF LATEST TRANSACTION
control field 20180713204436.0
008 - FIXED-LENGTH DATA ELEMENTS--GENERAL INFORMATION
fixed length control field 140415s1991 000 0 spa d
020 ## - INTERNATIONAL STANDARD BOOK NUMBER
International Standard Book Number 8486639522
041 ## - LANGUAGE CODE
Language code of text/sound track or separate title spa
082 ## - DEWEY DECIMAL CLASSIFICATION NUMBER
Classification number 530
Item number POV
100 1# - MAIN ENTRY--PERSONAL NAME
Personal name POVEDA, ARCADIO
245 10 - TITLE STATEMENT
Title MATERIA OSCURA EN EL UNIVERSO
260 ## - PUBLICATION, DISTRIBUTION, ETC.
Place of publication, distribution, etc. [s.l.] :
Name of publisher, distributor, etc. CONACYT,
Date of publication, distribution, etc. 1991
300 ## - PHYSICAL DESCRIPTION
Extent 122
650 14 - SUBJECT ADDED ENTRY--TOPICAL TERM
Topical term or geographic name entry element ANTIMATERIA
700 1# - ADDED ENTRY--PERSONAL NAME
Personal name HERRERA, MIGUEL ANGEL
Relator term coaut.
Existencias
Withdrawn status Lost status Source of classification or shelving scheme Damaged status Not for loan Collection code Home library Current library Shelving location Date acquired Source of acquisition Inventory number Total Checkouts Total Renewals Full call number Barcode Date last seen Date last checked out Price effective from Koha item type
    Dewey Decimal Classification     General Biblioteca Karol Wojtyla Biblioteca Karol Wojtyla Sala general 03/12/2013 Compra 151000000000000000040074 1 1 530 POV 33354 05/01/2026 23/07/2019 03/12/2013 Libro